000 00385 a2200169 4500
001 187096
020 _a85-209-0433-5
040 _cMagnum
100 _aPinto, Cecília Alves
240 1 0 _aO livro do trava-língua
_lpor
245 1 0 _aO livro do trava-língua
300 _a24
362 0 _a1986
440 1 _aNova Fronteira
697 _aMAGNITO: INFANTO JUVENIL
942 _cBK
999 _c187096
_d187096